00474nam a2200109Ia 4500008004100000100002400041245014500065260003300210300001700243650001900260856008500279160712s9999 xx 000 0 und d aTorres-Yu, Rosario. cRosario Torres-YuaHagkis ng Halakhak: Ang Nagpapatuloy na Kabuluhan ng Kritika ni Hernandez sa Pulitika sa Magkabilang Mukha ng Isang Bagol c2012bSocial Science Diliman avol. 8 no. 2 xSOCIAL SCIENCE uhttp://journals.upd.edu.ph/index.php/socialsciencediliman/issue/view/377/showToc